| 000 | 00480nam a2200205Ia 4500 | ||
|---|---|---|---|
| 008 | 170918s9999 xx 000 0 und d | ||
| 020 | _a9780439876445 | ||
| 050 | _bB344 2006 | ||
| 100 | _aBauer, Jeff | ||
| 245 | _aLightning! | ||
| 245 | _cby Jeff Bauer. | ||
| 260 | _aNew York : | ||
| 260 | _bScholastic, | ||
| 260 | _c2006 | ||
| 300 | _a16 pages : | ||
| 300 | _bcolored illustration ; | ||
| 300 | _c23cm. | ||
| 440 | _aScience vocabulary readers. | ||
| 500 | _a520 | ||
| 999 |
_c343036 _d343036 |
||